Babu kadjadjaden / (Record no. 87586)

MARC details
000 -LEADER
fixed length control field 00548cam a22002171a 4500
001 - CONTROL NUMBER
control field sa 68017208
003 - CONTROL NUMBER IDENTIFIER
control field DLC
005 - DATE AND TIME OF LATEST TRANSACTION
control field 20260227112701.0
008 - FIXED-LENGTH DATA ELEMENTS--GENERAL INFORMATION
fixed length control field 871020s1965 io 000 1 sun
010 ## - LIBRARY OF CONGRESS CONTROL NUMBER
LC control number sa 68017208
035 ## - SYSTEM CONTROL NUMBER
System control number (OCoLC)23555770
040 ## - CATALOGING SOURCE
Original cataloging agency DLC
Transcribing agency MiU
Modifying agency WU
-- DLC
042 ## - AUTHENTICATION CODE
Authentication code premarc
050 00 - LIBRARY OF CONGRESS CALL NUMBER
Classification number PL5454.A57
Item number B3
100 1# - MAIN ENTRY--PERSONAL NAME
Personal name Amin, Sjarif,
Dates associated with a name 1907-
245 10 - TITLE STATEMENT
Title Babu kadjadjaden /
Statement of responsibility, etc. Sjarif Amin.
260 ## - PUBLICATION, DISTRIBUTION, ETC.
Place of publication, distribution, etc. Bandung :
Name of publisher, distributor, etc. "Pelita Masa",
Date of publication, distribution, etc. 1965.
300 ## - PHYSICAL DESCRIPTION
Extent 78 p. ;
Dimensions 18 cm.
500 ## - GENERAL NOTE
General note Novel.
546 ## - LANGUAGE NOTE
Language note In Sundanese.

No items available.

Powered by Koha